000 00499nam a2200181Ia 4500
005 20250317123550.0
008 008 250317s9999 xx 000 0 eng d
037 _aTextbook
040 _aFMSL
_beng
_cFMSL
041 _aeng
_2eng
084 _aB L3
_qFMSL
100 _aColeman J S
_9314049
245 0 _aMathematies of collective action
260 _aLondon
_bLondon, Heinemann Education
_c1973
300 _a191p
942 _cTB
_hB L3
999 _c1251803
_d1251803